|
|
|
|
| LEADER |
02248nam a22005775i 4500 |
| 001 |
978-1-137-51208-6 |
| 003 |
DE-He213 |
| 005 |
20170630114529.0 |
| 007 |
cr nn 008mamaa |
| 008 |
170630s2011 xxu| s |||| 0|eng d |
| 020 |
|
|
|a 9781137512086
|9 978-1-137-51208-6
|
| 024 |
7 |
|
|a 10.1007/978-1-137-51208-6
|2 doi
|
| 040 |
|
|
|d GrThAP
|
| 050 |
|
4 |
|a HD28-HD70
|
| 072 |
|
7 |
|a KJM
|2 bicssc
|
| 072 |
|
7 |
|a BUS041000
|2 bisacsh
|
| 082 |
0 |
4 |
|a 658
|2 23
|
| 100 |
1 |
|
|a Aronoff, Craig E.
|e author.
|
| 245 |
1 |
0 |
|a Family Business Succession
|h [electronic resource] :
|b The Final Test of Greatness /
|c by Craig E. Aronoff, Stephen L. McClure, John L. Ward.
|
| 264 |
|
1 |
|a New York :
|b Palgrave Macmillan US :
|b Imprint: Palgrave Macmillan,
|c 2011.
|
| 300 |
|
|
|a VIII, 104 p.
|b online resource.
|
| 336 |
|
|
|a text
|b txt
|2 rdacontent
|
| 337 |
|
|
|a computer
|b c
|2 rdamedia
|
| 338 |
|
|
|a online resource
|b cr
|2 rdacarrier
|
| 347 |
|
|
|a text file
|b PDF
|2 rda
|
| 490 |
1 |
|
|a Family Business Leadership Series
|
| 520 |
|
|
|a Helps to prepare for passing the family business on to the next generation. Leaders will learn how to create a succession plan; how to develop opportunities for succession candidates; how to build consensus with the family and leaders on succession plans and finally leaders will learn when and how to let go of their own role in the business.
|
| 650 |
|
0 |
|a Business.
|
| 650 |
|
0 |
|a Entrepreneurship.
|
| 650 |
|
0 |
|a Small business.
|
| 650 |
|
0 |
|a Family-owned business enterprises.
|
| 650 |
|
0 |
|a Management.
|
| 650 |
|
0 |
|a Leadership.
|
| 650 |
|
0 |
|a Organization.
|
| 650 |
|
0 |
|a Planning.
|
| 650 |
1 |
4 |
|a Business and Management.
|
| 650 |
2 |
4 |
|a Management.
|
| 650 |
2 |
4 |
|a Organization.
|
| 650 |
2 |
4 |
|a Small Business.
|
| 650 |
2 |
4 |
|a Business Strategy/Leadership.
|
| 650 |
2 |
4 |
|a Entrepreneurship.
|
| 650 |
2 |
4 |
|a Family Business.
|
| 700 |
1 |
|
|a McClure, Stephen L.
|e author.
|
| 700 |
1 |
|
|a Ward, John L.
|e author.
|
| 710 |
2 |
|
|a SpringerLink (Online service)
|
| 773 |
0 |
|
|t Springer eBooks
|
| 776 |
0 |
8 |
|i Printed edition:
|z 9780230111004
|
| 830 |
|
0 |
|a Family Business Leadership Series
|
| 856 |
4 |
0 |
|u http://dx.doi.org/10.1007/978-1-137-51208-6
|z Full Text via HEAL-Link
|
| 912 |
|
|
|a ZDB-2-SBE
|
| 950 |
|
|
|a Business and Economics (Springer-11643)
|